000 00408nam a2200133Ia 4500
008 211118s9999||||xx |||||||||||||| ||und||
082 _a820.954
_bRUS-V
100 _aRushdie, Salman
245 0 _aVintage Book of Indian Writing 1947-1997
260 _bLongman York Press
_aEngland
_c1997
630 _xGeneral Stack
650 _aEnglish Literature
_venglish and old english literatureEnglish
942 _cBOOK
999 _c99469
_d99469